[Event "CZE-ch U16"]
[Site "Kouty nad Desnou"]
[Date "2011.03.14"]
[Round "4"]
[White "Walek, Petr"]
[Black "Suchomel, Ales"]
[Result "0-1"]
[WhiteElo "1664"]
[BlackElo "1991"]
[PlyCount "142"]
[EventDate "2011.03.12"]
[EventType "swiss"]
[EventRounds "9"]
[EventCountry "CZE"]
[SourceTitle "EXT 2014"]
[Source "ChessBase"]
[SourceDate "2013.11.20"]
[SourceVersion "1"]
[SourceVersionDate "2013.11.20"]
[SourceQuality "1"]

1. e4 c5 2. Nf3 a6 3. c3 d5 4. exd5 Qxd5 5. d4 Bg4 6. Be2 cxd4 7. cxd4 Nf6 8. Nc3 Qd8 9. 0-0 e6 10. Re1 Be7 11. Qb3 b5 12. h3 Bh5 13. Be3 0-0 14. g4 Bg6 15. Ne5 b4 16. Bf3 Ra7 17. d5 Rc7 18. Bb6 bxc3 19. dxe6 cxb2 20. exf7+ Kh8 21. Nxg6+ hxg6 22. Rad1 Qc8 23. Bxc7 Qxc7 24. Re2 Bc5 25. Rxb2 Nbd7 26. Rc2 a5 27. Rcd2 Qf4 28. Bg2 Ne5 29. Re2 Nfd7 30. Bd5 Nxf7 31. Kg2 Nfe5 32. Qg3 Qg5 33. Rf1 Nxg4 34. Bf3 Rxf3 35. Kxf3 Qd5+ 36. Re4 Nde5+ 37. Kg2 Qxe4+ 38. Kg1 Bxf2+ 39. Rxf2 Qe1+ 40. Kg2 Qxf2+ 41. Qxf2 Nxf2 42. Kxf2 Kg8 43. Ke3 Kf7 44. Kd4 Ke6 45. Kc5 Kd7 46. Kb5 Nc6 47. a4 Kc7 48. Ka6 g5 49. Kb5 Kb7 50. Kc5 Ne5 51. Kb5 Nf3 52. Kxa5 Ng1 53. Kb4 Nxh3 54. Kc3 Nf4 55. Kd2 Ne6 56. Ke3 Ka6 57. Ke4 Ka5 58. Kf5 Kxa4 59. Kg4 Kb4 60. Kf3 Kc4 61. Kg3 Kd4 62. Kf3 Ke5 63. Kg3 Kf5 64. Kf3 g4+ 65. Kg3 Kg5 66. Kg2 Kf4 67. Kf2 g3+ 68. Kg2 Kg4 69. Kg1 Kh3 70. Kh1 g2+ 71. Kg1 g6 0-1

[Event "CZE-ch U16"]
[Site "Kouty nad Desnou"]
[Date "2011.03.12"]
[Round "1"]
[White "Suchomel, Ales"]
[Black "Franek, Jan1111"]
[Result "1-0"]
[WhiteElo "1991"]
[BlackElo "1872"]
[PlyCount "93"]
[EventDate "2011.03.12"]
[EventType "swiss"]
[EventRounds "9"]
[EventCountry "CZE"]
[SourceTitle "EXT 2014"]
[Source "ChessBase"]
[SourceDate "2013.11.20"]
[SourceVersion "1"]
[SourceVersionDate "2013.11.20"]
[SourceQuality "1"]

1. Nf3 f5 2. d4 e6 3. c4 d5 4. Nc3 c6 5. Bf4 Nf6 6. e3 Be7 7. Be2 0-0 8. 0-0 Ne4 9. cxd5 exd5 10. Bxb8 Rxb8 11. Ne5 Be6 12. Qc2 Rf6 13. f3 Nd6 14. f4 Nf7 15. Na4 Nxe5 16. fxe5 Rh6 17. Bd3 g6 18. Nc5 Bc8 19. Rab1 b6 20. Na4 Bd7 21. Nc3 Rc8 22. b4 Be6 23. Qa4 c5 24. bxc5 bxc5 25. Nd1 Qc7 26. Qb5 Kf7 27. g3 c4 28. Bc2 Qc6 29. Nc3 Bg5 30. Rf3 Be7 31. Rff1 Bg5 32. Rfe1 Be7 33. Kg2 g5 34. Rf1 f4 35. Kg1 Kg7 36. exf4 gxf4 37. Qxc6 Rxc6 38. gxf4 Bd8 39. f5 Bg8 40. Kh1 Bb6 41. Ne2 Rh4 42. Rbd1 Rch6 43. Rg1+ Kf8 44. Rg2 Bf7 45. Kg1 Ke8 46. f6 Bh5 47. Ba4+ 1-0